| 000 | 01271nam a2200361Ia 4500 | ||
|---|---|---|---|
| 001 | dia_5142 | ||
| 003 | CHAP | ||
| 005 | 20251027151117.0 | ||
| 008 | 220117s1999 xx 000 0 und d | ||
| 010 | _a175983 | ||
| 020 | _a970-17-0260-3 | ||
| 040 | _cCHAP | ||
| 082 | _a620.00151535 C43 1999 | ||
| 100 |
_aChandrupatla, Tirupathi R. _9157663 |
||
| 245 |
_aIntroducción al estudio del elemento finito en ingeniería / _c Tirupathi R. Chandrupatla y Ashok D. Belegundu ; traducción José Enrique de la Cera Alonso |
||
| 250 | _a2a ed. | ||
| 260 |
_aMéxico : _b Prentice-Hall, _c1999 |
||
| 300 | _axvi, 462 p. | ||
| 500 | _aTítulo original: Introduction to finite elements in engineering | ||
| 503 | _aC/e | ||
| 504 | _aBibliografía: p. 454-457 | ||
| 590 | _aTA347.F5 C43 1999 | ||
| 650 |
_aEngineering mathematics _9153115 |
||
| 650 |
_aFinite element method _9157664 |
||
| 650 |
_aMatématicas para ingenieros _9157665 |
||
| 650 |
_aMétodo de elementos finitos _9146945 |
||
| 700 |
_aBelegundu, Ashok D., coaut. _9157666 |
||
| 700 |
_aCera Alonso, José Enrique de la, tr. _9157667 |
||
| 901 | _a620.00151535 C43 1999 | ||
| 902 | _aM | ||
| 905 | _a5232271999 mx amq 8222123322spa16 | ||
| 942 |
_cLIBRO _2ddc |
||
| 999 |
_c175983 _d175983 |
||